| 000 | 00499nam a2200145 a 4500 | ||
|---|---|---|---|
| 005 | 20140414132104.0 | ||
| 008 | 100731s19uu xx 00 eng d | ||
| 020 | _a978-1-4027-2438-1 | ||
| 050 |
_aTR 538 _bL58 2006 |
||
| 100 | _aLevine, Shar, 1953- | ||
| 245 |
_aFirst science experiments. Magnet power! / _cShar Levine and Leslie Johnstone; illustrated by Steve Harpster. |
||
| 260 |
_aNew York : _bSterling Pub Co, _c2006. |
||
| 650 |
_aMagnets _xExperiments _xJuvenile literature |
||
| 999 |
_c114538 _d114538 |
||